[Event "33rd Leon Blitz Open 2020"]
[Site "chess.com INT"]
[Date "2020.07.14"]
[Round "2"]
[White "Nikitenko, Mihail"]
[Black "Ponkratov, Pavel"]
[Result "0-1"]
[WhiteTitle "IM"]
[BlackTitle "GM"]
[WhiteElo "2436"]
[BlackElo "2631"]
[WhiteFideId "13506862"]
[BlackFideId "4157800"]
[EventDate "2020.07.14"]
[EventType "blitz"]

1. e4 e5 2. Nf3 Nc6 3. Bb5 f5 4. d3 fxe4 5. dxe4 Nf6 6. Qd3 d6 7. Nc3 a6 8. Ba4
b5 9. Bb3 Na5 10. Bg5 Be7 11. Bxf6 Bxf6 12. Qd5 Nxb3 13. axb3 Rb8 14. O-O Qe7
15. Qc6+ Qd7 16. Qxd7+ Kxd7 17. Nd5 Bb7 18. Rfd1 c6 19. Nxf6+ gxf6 20. c4 Ke6
21. Nh4 Rhd8 22. f3 Ra8 23. Rd2 d5 24. Rad1 d4 25. Nf5 bxc4 26. bxc4 c5 27. Ne3
a5 28. Nd5 Bxd5 29. cxd5+ Kd6 30. Rc1 Rdb8 31. g4 Rb3 32. Rf2 Rab8 33. Rcc2 d3
34. Rcd2 c4 35. h4 Kc5 36. Kg2 Kd4 37. Kg3 a4 38. g5 fxg5 39. hxg5 a3 40. bxa3
c3 41. Rd1 Rb1 42. Rxb1 Rxb1 0-1

[Event "33rd Leon Blitz Open 2020"]
[Site "chess.com INT"]
[Date "2020.07.14"]
[Round "2"]
[White "Golubev, Mikhail"]
[Black "Idrisov, Ildar F"]
[Result "1-0"]
[WhiteTitle "GM"]
[BlackTitle "FM"]
[WhiteElo "2461"]
[BlackElo "2282"]
[WhiteFideId "14100983"]
[BlackFideId "4151020"]
[EventDate "2020.07.14"]
[EventType "blitz"]

1. e4 c5 2. Nf3 d6 3. d4 cxd4 4. Nxd4 Nf6 5. Nc3 a6 6. Bc4 e5 7. Nf5 Bxf5 8.
exf5 Be7 9. O-O Nbd7 10. Qf3 b5 11. Bb3 O-O 12. Bg5 Re8 13. Rad1 Qc7 14. Nd5
Nxd5 15. Bxd5 Rad8 16. Qh5 Bxg5 17. Bxf7+ Kh8 18. Bxe8 Nf6 19. Qxg5 Rxe8 20. c3
d5 21. Rfe1 e4 22. Rd4 Qe5 23. a4 Rb8 24. axb5 axb5 25. Ra1 h6 26. Qg3 Re8 27.
Qxe5 Rxe5 28. Ra5 Rxf5 29. Rxb5 Rf4 30. f3 Kh7 31. c4 dxc4 32. Rxc4 1-0

[Event "33rd Leon Blitz Open 2020"]
[Site "chess.com INT"]
[Date "2020.07.14"]
[Round "2"]
[White "Johnson, Joel"]
[Black "Himanshu, Sharma"]
[Result "0-1"]
[BlackTitle "GM"]
[WhiteElo "2223"]
[BlackElo "2394"]
[WhiteFideId "2003821"]
[BlackFideId "5007836"]
[EventDate "2020.07.14"]
[EventType "blitz"]

1. e4 c5 2. Nc3 e6 3. f4 a6 4. a4 Nc6 5. Nf3 d5 6. d3 g6 7. Qe2 Nd4 8. Qf2 Bg7
9. g3 Ne7 10. Bg2 O-O 11. Nd1 Qa5+ 12. Bd2 Nxc2+ 13. Kf1 Qc7 14. Rc1 dxe4 15.
dxe4 Qd7 16. Qxc5 Nd4 17. Bc3 Nec6 18. Nf2 Nb3 19. Qe3 Nxc1 20. Bxg7 Kxg7 21.
Qxc1 Rd8 22. Qc3+ e5 23. h4 Qe7 24. h5 f6 25. hxg6 hxg6 26. g4 exf4 27. g5 Rf8
28. Bh3 Bxh3+ 29. Nxh3 Rad8 30. Nxf4 Rd1+ 31. Ne1 Qxe4 32. gxf6+ Rxf6 33. Rh4
Rxe1+ 34. Qxe1 Rxf4+ 0-1

[Event "33rd Leon Blitz Open 2020"]
[Site "chess.com INT"]
[Date "2020.07.14"]
[Round "2"]
[White "Zverev, Lev"]
[Black "Rustemov, Alexander"]
[Result "0-1"]
[WhiteTitle "CM"]
[BlackTitle "GM"]
[WhiteElo "2087"]
[BlackElo "2525"]
[WhiteFideId "24250775"]
[BlackFideId "4119002"]
[EventDate "2020.07.14"]
[EventType "blitz"]

1. e4 e6 2. d4 d5 3. exd5 exd5 4. Bd3 Nc6 5. Ne2 Bd6 6. c3 Nge7 7. O-O Bg4 8. f3
Bf5 9. Bxf5 Nxf5 10. Bf4 O-O 11. Bxd6 Qxd6 12. Qd3 g6 13. Na3 Rfe8 14. Nc2 Na5
15. b3 b6 16. g4 Ng7 17. Ng3 Ne6 18. Qd2 Nf4 19. Rae1 c5 20. Ne2 Ne6 21. f4 cxd4
22. Ncxd4 Nc5 23. Ng3 Ne4 24. Nxe4 dxe4 25. Qg2 Qd5 26. f5 Nc6 27. fxg6 hxg6 28.
Nxc6 Qxc6 29. Re3 Re5 30. Qg3 Qc5 31. Kh1 Rae8 32. Qf4 Qe7 33. c4 Kg7 34. g5 Rf5 0-1

[Event "33rd Leon Blitz Open 2020"]
[Site "chess.com INT"]
[Date "2020.07.14"]
[Round "2"]
[White "Das, Sayantan"]
[Black "Eljanov, Pavel"]
[Result "1-0"]
[WhiteTitle "IM"]
[BlackTitle "GM"]
[WhiteElo "2431"]
[BlackElo "2672"]
[WhiteFideId "5034426"]
[BlackFideId "14102951"]
[EventDate "2020.07.14"]
[EventType "blitz"]

1. e4 e5 2. Nf3 Nc6 3. Bb5 Nf6 4. d4 exd4 5. O-O a6 6. Ba4 Be7 7. e5 Ne4 8. Nxd4
O-O 9. Nf5 d5 10. Bxc6 bxc6 11. Nxe7+ Qxe7 12. Re1 Be6 13. f3 Nc5 14. b3 Nd7 15.
Ba3 c5 16. Nc3 Nb6 17. Qd2 Rfd8 18. Qf2 d4 19. Ne4 Rd5 20. c4 Rxe5 21. f4 Rh5
22. Nxc5 Rxc5 23. f5 Rxf5 24. Bxe7 Rxf2 25. Kxf2 Nd7 26. Rad1 c5 27. b4 cxb4 28.
Rxd4 Nb6 29. Bxb4 Nxc4 30. Rxe6 fxe6 31. Rxc4 1-0

[Event "33rd Leon Blitz Open 2020"]
[Site "chess.com INT"]
[Date "2020.07.14"]
[Round "2"]
[White "Rahman, Ziaur"]
[Black "Savanovic, Aleksandar"]
[Result "1-0"]
[WhiteTitle "GM"]
[BlackTitle "IM"]
[WhiteElo "2415"]
[BlackElo "2410"]
[WhiteFideId "10200037"]
[BlackFideId "914932"]
[EventDate "2020.07.14"]
[EventType "blitz"]

1. d4 d5 2. c4 c6 3. Nf3 Nf6 4. e3 Bf5 5. Nc3 e6 6. Nh4 Bg6 7. Be2 Nbd7 8. O-O
Ne4 9. g3 Be7 10. Nxg6 hxg6 11. cxd5 exd5 12. Nxe4 dxe4 13. f3 Nf6 14. fxe4 Nxe4
15. Qb3 Nd6 16. e4 O-O 17. Bf3 Nb5 18. d5 Nd4 19. Qxb7 cxd5 20. Qxd5 Nxf3+ 21.
Rxf3 Qb6+ 22. Be3 Qxb2 23. Raf1 Bf6 24. R1f2 Qa1+ 25. Kg2 Qe5 26. Bf4 Qxd5 27.
exd5 Rad8 28. Rd3 Rd7 29. h4 Rfd8 30. d6 Kf8 31. Kh3 Kg8 32. g4 Rb8 33. Rc2 1-0

[Event "33rd Leon Blitz Open 2020"]
[Site "chess.com INT"]
[Date "2020.07.14"]
[Round "2"]
[White "Shuvalov, Evgenij"]
[Black "Priyanka, K"]
[Result "1-0"]
[BlackTitle "WIM"]
[WhiteElo "2182"]
[BlackElo "2218"]
[WhiteFideId "4187237"]
[BlackFideId "5082986"]
[EventDate "2020.07.14"]
[EventType "blitz"]

1. Nf3 Nf6 2. c4 g6 3. Nc3 Bg7 4. e4 d6 5. d4 O-O 6. Be2 e5 7. O-O Nc6 8. d5 Ne7
9. Ne1 Ne8 10. f3 f5 11. g4 c5 12. Nd3 Nf6 13. Nf2 h5 14. g5 Nh7 15. h4 f4 16.
Kh2 Bd7 17. Rg1 Nc8 18. Bf1 Rf7 19. Bh3 Nf8 20. a3 Nh7 21. b4 b6 22. Bd2 Bf8 23.
Bxd7 Rxd7 24. Qa4 Be7 25. Nh3 Rc7 26. Nb5 Rd7 27. Qa6 Bf8 28. a4 Ne7 29. a5 cxb4
30. Bxb4 bxa5 31. Bxd6 Rc8 32. c5 Rxd6 33. Qxd6 Kf7 34. c6 1-0

[Event "33rd Leon Blitz Open 2020"]
[Site "chess.com INT"]
[Date "2020.07.14"]
[Round "2"]
[White "Lamard, Guillaume"]
[Black "Stupak, Kirill"]
[Result "1-0"]
[WhiteTitle "IM"]
[BlackTitle "GM"]
[WhiteElo "2486"]
[BlackElo "2520"]
[WhiteFideId "600261"]
[BlackFideId "13503758"]
[EventDate "2020.07.14"]
[EventType "blitz"]

1. d4 Nf6 2. c4 e6 3. g3 c5 4. d5 exd5 5. cxd5 d6 6. Nc3 g6 7. Bg2 Bg7 8. Nf3
O-O 9. O-O Re8 10. Re1 Bg4 11. h3 Bxf3 12. Bxf3 Na6 13. Bf4 Qd7 14. Kg2 b5 15.
a4 b4 16. Nb5 Ne4 17. Bxe4 Rxe4 18. Qd3 f5 19. Nxd6 c4 20. Nxc4 Rd4 21. Ne5 Rxd3
22. Nxd7 Rxd5 23. Rad1 Rxd1 24. Rxd1 Bxb2 25. Rd6 b3 26. Rxa6 Bc3 27. Bc1 b2 28.
Bxb2 Bxb2 29. e3 Kf7 30. Nb6 Rb8 31. Rxa7+ Kg8 32. Nc4 Bc3 33. a5 Rb4 34. Nd6
Ra4 35. a6 Bb4 36. Nb5 Bc5 37. Ra8+ Kg7 38. a7 Ra5 39. Rc8 1-0

[Event "33rd Leon Blitz Open 2020"]
[Site "chess.com INT"]
[Date "2020.07.14"]
[Round "2"]
[White "Ghosh, Diptayan"]
[Black "Przybylski, Wojciech"]
[Result "1-0"]
[WhiteTitle "GM"]
[BlackTitle "FM"]
[WhiteElo "2541"]
[BlackElo "2321"]
[WhiteFideId "5045207"]
[BlackFideId "1117599"]
[EventDate "2020.07.14"]
[EventType "blitz"]

1. d4 Nf6 2. c4 c6 3. Nc3 d5 4. e3 e6 5. Nf3 Nbd7 6. Qc2 Bd6 7. Bd3 dxc4 8. Bxc4
b5 9. Bd3 O-O 10. O-O Bb7 11. e4 e5 12. h3 h6 13. Be3 Re8 14. Rad1 Qe7 15. Ne2
c5 16. dxe5 Nxe5 17. Nxe5 Qxe5 18. f4 Qe7 19. e5 Nd5 20. Bf2 c4 21. Be4 Nb4 22.
Bh7+ Kh8 23. Qb1 Bc5 24. a3 Nd5 25. Be4 Ne3 26. Bxe3 Bxe3+ 27. Kh2 Rad8 28. Ng3
g6 29. Qc2 Kg7 30. Qe2 Bc5 31. Qg4 Bc8 32. Bf5 Kh7 33. Bxc8 Rxc8 34. Rd7 Qf8 35.
f5 Rcd8 36. fxg6+ Kh8 37. Rfxf7 1-0

[Event "33rd Leon Blitz Open 2020"]
[Site "chess.com INT"]
[Date "2020.07.14"]
[Round "2"]
[White "Baches Garcia, Guillermo"]
[Black "Shtembuliak, Evgeny"]
[Result "0-1"]
[WhiteTitle "IM"]
[BlackTitle "GM"]
[WhiteElo "2329"]
[BlackElo "2620"]
[WhiteFideId "2209764"]
[BlackFideId "14113325"]
[EventDate "2020.07.14"]
[EventType "blitz"]

1. e4 c6 2. c4 e5 3. Nf3 d6 4. Be2 Bg4 5. d4 Nd7 6. Nc3 Ngf6 7. Be3 Be7 8. O-O
O-O 9. h3 Bh5 10. Qc2 Qc7 11. Rfd1 Rfe8 12. Rac1 a6 13. a3 Rac8 14. b4 Bg6 15.
Bd3 Bf8 16. d5 cxd5 17. cxd5 Qb8 18. Nd2 Nh5 19. Bf1 Be7 20. a4 Rf8 21. Qb3 f5
22. exf5 Bf7 23. Nde4 h6 24. g3 Nhf6 25. Bg2 Kh7 26. Nxf6+ Nxf6 27. Ne4 Rxc1 28.
Nxf6+ Bxf6 29. Rxc1 Rc8 30. Rc4 b5 31. axb5 axb5 32. Rxc8 Qxc8 33. Qd3 Qa6 34.
g4 Qa4 35. Qd2 Qa1+ 36. Kh2 e4 37. Bxe4 Qe5+ 38. Bf4 Qxe4 39. Bxd6 Bxd5 0-1

[Event "33rd Leon Blitz Open 2020"]
[Site "chess.com INT"]
[Date "2020.07.14"]
[Round "2"]
[White "Babazada, Khazar"]
[Black "Bodnaruk, Anastasia"]
[Result "1-0"]
[WhiteTitle "FM"]
[BlackTitle "IM"]
[WhiteElo "2409"]
[BlackElo "2411"]
[WhiteFideId "13413554"]
[BlackFideId "4181751"]
[EventDate "2020.07.14"]
[EventType "blitz"]

1. e4 c5 2. Nf3 d6 3. d4 cxd4 4. Nxd4 Nf6 5. Nc3 a6 6. h3 e6 7. g4 Be7 8. g5
Nfd7 9. Bg2 b5 10. a3 Bb7 11. h4 Nc6 12. Be3 Nce5 13. Rh3 Rc8 14. Qe2 Nc4 15.
Bc1 Qb6 16. Qd1 Nde5 17. b3 Na5 18. Bb2 Nac6 19. Nce2 O-O 20. Qd2 b4 21. a4 a5
22. O-O-O Ba6 23. Kb1 Rc7 24. h5 Nxd4 25. Nxd4 Nc6 26. g6 h6 27. gxf7+ Rxf7 28.
Nxe6 Rc8 29. Rg3 Ne5 30. f4 Bh4 31. Rh3 Bf2 32. fxe5 Be3 33. Rxe3 1-0

[Event "33rd Leon Blitz Open 2020"]
[Site "chess.com INT"]
[Date "2020.07.14"]
[Round "2"]
[White "Harsha, Bharathakoti"]
[Black "Buksa, Nataliya"]
[Result "1-0"]
[WhiteTitle "GM"]
[BlackTitle "IM"]
[WhiteElo "2509"]
[BlackElo "2410"]
[WhiteFideId "5078776"]
[BlackFideId "14123622"]
[EventDate "2020.07.14"]
[EventType "blitz"]

1. d4 d5 2. c4 e6 3. Nf3 Nf6 4. Nc3 Be7 5. g3 O-O 6. Bg2 b6 7. O-O Bb7 8. cxd5
exd5 9. Ne5 Nbd7 10. Qa4 c5 11. Nxd7 Nxd7 12. Nxd5 Rb8 13. Bf4 Bxd5 14. Bxd5 Nf6
15. Bf3 Bd6 16. dxc5 Bxf4 17. Qxf4 bxc5 18. b3 Qe7 19. Rac1 Nd7 20. Rc2 Nb6 21.
Rfc1 Rbc8 22. a4 c4 23. bxc4 Nxa4 24. c5 Nxc5 25. Qb4 a5 26. Qa3 Rfd8 27. Rxc5
g6 28. Rxc8 Qxa3 29. Rxd8+ Kg7 30. Rc7 h5 31. Rdd7 Qa1+ 32. Kg2 Kf6 33. Rxf7+
Ke6 34. h4 a4 35. Ra7 a3 36. Rfb7 a2 37. Rb6+ Ke5 38. Rba6 g5 39. Rxa2 Qc1 40.
R2a5+ Kf6 41. Rxg5 Qb1 42. Ra6+ Kf7 43. Bxh5+ Ke7 44. Rg7+ Kf8 45. Rf7+ Ke8 46.
Ra8+ 1-0

[Event "33rd Leon Blitz Open 2020"]
[Site "chess.com INT"]
[Date "2020.07.14"]
[Round "2"]
[White "Sychev, Klementy"]
[Black "Yashas, D."]
[Result "1-0"]
[WhiteTitle "GM"]
[BlackTitle "FM"]
[WhiteElo "2572"]
[BlackElo "2280"]
[WhiteFideId "4114060"]
[BlackFideId "5030196"]
[EventDate "2020.07.14"]
[EventType "blitz"]

1. e4 d5 2. exd5 Nf6 3. d4 Nxd5 4. Nf3 g6 5. Bc4 Bg7 6. O-O O-O 7. h3 Nb6 8. Bb3
Nc6 9. c3 e5 10. Bg5 Qd6 11. Nbd2 Bf5 12. dxe5 Nxe5 13. Nxe5 Bxe5 14. Nf3 Qxd1
15. Raxd1 Bg7 16. Bf4 c6 17. Rfe1 Rae8 18. Bd6 Rxe1+ 19. Rxe1 Rd8 20. Bc7 Rd7
21. Re8+ Bf8 22. Bf4 Re7 23. Rd8 Kg7 24. Bd6 Bd7 25. Ne5 Re8 26. Bxf8+ Kxf8 27.
Nxd7+ Nxd7 28. Rxd7 Re7 29. Rxe7 Kxe7 30. f4 1-0

[Event "33rd Leon Blitz Open 2020"]
[Site "chess.com INT"]
[Date "2020.07.14"]
[Round "2"]
[White "Kovalev, Vladislav"]
[Black "Nguyen, Hong Nhung"]
[Result "1-0"]
[WhiteTitle "GM"]
[BlackTitle "WCM"]
[WhiteElo "2648"]
[BlackElo "1697"]
[WhiteFideId "13504398"]
[BlackFideId "12412201"]
[EventDate "2020.07.14"]
[EventType "blitz"]

1. e4 c5 2. Be2 e6 3. d3 Nc6 4. f4 d5 5. c3 Nf6 6. e5 Nd7 7. Nf3 Be7 8. Be3 O-O
9. d4 b6 10. O-O a5 11. a4 Ba6 12. Bxa6 Rxa6 13. Na3 cxd4 14. Nxd4 Nxd4 15. Bxd4
Bxa3 16. Rxa3 Nc5 17. f5 Ne4 18. f6 g6 19. Qc1 g5 20. Rb3 h6 21. Rf3 Kh7 22. Qe3
Ra8 23. Rxb6 Qd7 24. Rb5 Rab8 25. Qd3 Rxb5 26. Qxb5 Qxb5 27. axb5 Rb8 28. b6 Nd2
29. Rf2 Nc4 30. b3 Nxb6 31. Ra2 a4 32. bxa4 Nc4 33. a5 Ra8 34. a6 Kg6 35. g4 h5
36. h3 hxg4 37. hxg4 Kh7 38. a7 Kg8 39. Ra1 Nd2 40. Kg2 Nb3 41. Rb1 Rxa7 42.
Bxa7 Nd2 43. Rb8+ Kh7 44. Rf8 Kg6 45. Rg8+ Kh6 46. Bd4 Ne4 47. Rg7 Nxc3 48. Bxc3
d4 49. Bd2 1-0

[Event "33rd Leon Blitz Open 2020"]
[Site "chess.com INT"]
[Date "2020.07.14"]
[Round "2"]
[White "Iniyan, P"]
[Black "Piorun, Kacper"]
[Result "1/2-1/2"]
[WhiteTitle "GM"]
[BlackTitle "GM"]
[WhiteElo "2506"]
[BlackElo "2601"]
[WhiteFideId "25002767"]
[BlackFideId "1130420"]
[EventDate "2020.07.14"]
[EventType "blitz"]

1. e4 c6 2. Nf3 d5 3. Nc3 dxe4 4. Nxe4 Nf6 5. Nxf6+ exf6 6. d4 Bd6 7. Bd3 O-O 8.
O-O Be6 9. b3 Nd7 10. Bb2 a5 11. c4 a4 12. bxa4 Qa5 13. c5 Bb8 14. Bc2 Rd8 15.
Qd3 Nf8 16. Bc3 Qc7 17. Bb3 Bg4 18. g3 Ne6 19. Qe4 Bxf3 20. Qxf3 Nxd4 21. Bxd4
Rxd4 22. Rad1 Rxd1 23. Rxd1 Ba7 24. Qd3 Bxc5 25. Qd7 Qxd7 26. Rxd7 b6 27. Rxf7
Kh8 28. Rc7 g6 29. Rxc6 Kg7 30. Kf1 h5 31. f4 f5 32. Rc7+ Kh6 33. Rc6 Kg7 34.
Ke2 Re8+ 35. Kf1 Ra8 1/2-1/2

[Event "33rd Leon Blitz Open 2020"]
[Site "chess.com INT"]
[Date "2020.07.14"]
[Round "2"]
[White "Hoffmann, Asa"]
[Black "Sharmin, Samiha Shimmi"]
[Result "1-0"]
[WhiteTitle "FM"]
[BlackTitle "WCM"]
[WhiteElo "2185"]
[BlackElo "1812"]
[WhiteFideId "2001470"]
[BlackFideId "10203087"]
[EventDate "2020.07.14"]
[EventType "blitz"]

1. d4 d5 2. Bg5 Nf6 3. e3 e6 4. Bd3 Be7 5. Nd2 h6 6. Bh4 O-O 7. f4 c5 8. c3 Nc6
9. Ngf3 b6 10. O-O Bb7 11. Ne5 Nd7 12. Bxe7 Qxe7 13. Qf3 f5 14. Ng6 Qf6 15. Nxf8
Rxf8 16. g4 c4 17. Bc2 Ne7 18. Kh1 g5 19. gxf5 exf5 20. Rg1 g4 21. Qg2 Kf7 22.
b3 Ba8 23. Nf1 h5 24. Qf2 h4 25. Rg2 Rh8 26. Qd2 Ng6 27. Re1 Qe6 28. Rxg4 Nf6
29. Rg5 Ne4 30. Bxe4 Qxe4+ 31. Qg2 Qxg2+ 32. Kxg2 cxb3 33. axb3 Kf6 34. h3 Ne7
35. Nh2 Rh6 36. Nf3 Bc6 37. Kf2 Be8 38. Ne5 Nc6 39. Reg1 Na5 40. b4 Nb3 41. Ke2
a5 42. bxa5 bxa5 43. Rg8 Bh5+ 44. Ke1 a4 45. Ra8 1-0

[Event "33rd Leon Blitz Open 2020"]
[Site "chess.com INT"]
[Date "2020.07.14"]
[Round "2"]
[White "Manninen, Marko"]
[Black "Onischuk, Vladimir"]
[Result "0-1"]
[WhiteTitle "IM"]
[BlackTitle "GM"]
[WhiteElo "2377"]
[BlackElo "2633"]
[WhiteFideId "500690"]
[BlackFideId "14114038"]
[EventDate "2020.07.14"]
[EventType "blitz"]

1. d4 d6 2. e4 Nf6 3. Nc3 g6 4. f3 Bg7 5. Be3 c6 6. Qd2 h6 7. Nd1 Nbd7 8. c3 e5
9. Bd3 Qe7 10. Ne2 d5 11. Nf2 dxe4 12. fxe4 Nb6 13. O-O Ng4 14. Nxg4 Bxg4 15. d5
cxd5 16. Bb5+ Bd7 17. Bxd7+ Qxd7 18. Bxb6 axb6 19. Qxd5 Qxd5 20. exd5 Ke7 21. c4
Rhc8 22. b3 b5 23. Rac1 bxc4 24. bxc4 Rxa2 25. Nc3 Rb2 26. Nb5 f5 27. d6+ Kd7
28. Rfd1 e4 29. Nc7 e3 30. g3 e2 31. Re1 Kxd6 32. Nb5+ Kc5 33. Kf2 Re8 34. Nc3
Bd4+ 35. Kg2 Bxc3 36. Rxc3 Rb4 37. Kf2 Rxc4 38. Rb3 b5 0-1

[Event "33rd Leon Blitz Open 2020"]
[Site "chess.com INT"]
[Date "2020.07.14"]
[Round "2"]
[White "Muradli, Mahammad"]
[Black "Erigaisi, Arjun"]
[Result "0-1"]
[WhiteTitle "IM"]
[BlackTitle "GM"]
[WhiteElo "2449"]
[BlackElo "2559"]
[WhiteFideId "13409301"]
[BlackFideId "35009192"]
[EventDate "2020.07.14"]
[EventType "blitz"]

1. d4 f5 2. Nf3 Nf6 3. g3 g6 4. Bg2 Bg7 5. O-O O-O 6. b3 d6 7. Bb2 c6 8. Nbd2 a5
9. c4 Na6 10. Re1 a4 11. e4 fxe4 12. Nxe4 Nxe4 13. Rxe4 Bf5 14. Re3 Nb4 15. Nh4
axb3 16. Nxf5 Rxf5 17. axb3 Rxa1 18. Bxa1 c5 19. Bc3 Qf8 20. Re2 Nc6 21. Bd5+
Kh8 22. Bxc6 bxc6 23. Qd2 Rf3 24. Re3 Rxe3 25. fxe3 Qf6 26. d5 Qxc3 27. Qxc3
Bxc3 28. dxc6 Ba5 29. Kg2 Kg7 30. Kf3 Kf6 31. b4 cxb4 0-1

[Event "33rd Leon Blitz Open 2020"]
[Site "chess.com INT"]
[Date "2020.07.14"]
[Round "2"]
[White "Aitbayev, Aslan"]
[Black "Reprintsev, Alexander"]
[Result "1/2-1/2"]
[WhiteTitle "IM"]
[BlackTitle "IM"]
[WhiteElo "2457"]
[BlackElo "2353"]
[WhiteFideId "13704613"]
[BlackFideId "14100541"]
[EventDate "2020.07.14"]
[EventType "blitz"]

1. e4 d5 2. exd5 Qxd5 3. Nc3 Qa5 4. d4 Nf6 5. Nf3 Nc6 6. Bd2 a6 7. Bc4 Qh5 8.
Ne5 Bg4 9. Bxf7+ Qxf7 10. Nxg4 O-O-O 11. Ne5 Qe6 12. O-O Rxd4 13. Nxc6 Qxc6 14.
Qe2 Qc4 15. Be3 Qxe2 16. Nxe2 Rd7 17. Nf4 e5 18. Ne6 Bd6 19. Rad1 Re8 20. Nc5
Bxc5 21. Bxc5 b6 22. Be3 Red8 23. Rxd7 Rxd7 24. f3 c5 25. Re1 Kc7 26. Kf2 Kc6
27. c4 e4 28. h3 exf3 29. Kxf3 b5 30. Rc1 b4 31. g4 Re7 32. Rd1 Nd7 33. Bf4 Ne5+
34. Bxe5 Rxe5 35. Rd8 h5 36. Rg8 hxg4+ 37. hxg4 g5 38. Rg6+ Kb7 39. b3 a5 40.
Rf6 Re1 41. Rf5 Ra1 42. Rxc5 Rxa2 43. Ke4 Ra3 44. Rxg5 Ka6 45. Rg6+ Kb7 46. Rg5
Ka6 47. Rg6+ Kb7 48. Rg7+ Ka6 49. Rg6+ 1/2-1/2

[Event "33rd Leon Blitz Open 2020"]
[Site "chess.com INT"]
[Date "2020.07.14"]
[Round "2"]
[White "Hamley, Ryan"]
[Black "Li, Hui"]
[Result "1/2-1/2"]
[BlackTitle "CM"]
[WhiteElo "2089"]
[BlackElo "1985"]
[WhiteFideId "30959497"]
[BlackFideId "15400310"]
[EventDate "2020.07.14"]
[EventType "blitz"]

1. d4 Nf6 2. c4 e6 3. Nf3 d5 4. Nc3 c5 5. cxd5 cxd4 6. Qxd4 exd5 7. Bg5 Be7 8.
e3 Nc6 9. Qa4 O-O 10. Be2 Be6 11. O-O a6 12. Rfd1 b5 13. Qc2 Rc8 14. Rac1 h6 15.
Bf4 Qb6 16. Qb1 Rfd8 17. Ne5 Nxe5 18. Bxe5 Ng4 19. Bxg4 Bxg4 20. Rxd5 Rxd5 21.
Nxd5 Rxc1+ 22. Qxc1 Qe6 23. Nxe7+ Qxe7 24. Bd4 Be6 25. a3 Qb7 26. f3 Bd7 27. Qc5
Qc6 28. Qe5 f6 29. Qb8+ Kh7 30. Qa7 Qc1+ 31. Kf2 Qc2+ 32. Kg3 Qg6+ 33. Kf2 Qc2+
34. Kg3 Qg6+ 35. Kf2 Qc2+ 1/2-1/2

[Event "33rd Leon Blitz Open 2020"]
[Site "chess.com INT"]
[Date "2020.07.14"]
[Round "2"]
[White "Hovhannisyan, Robert"]
[Black "Starozhilov, Leonid"]
[Result "1-0"]
[WhiteTitle "GM"]
[WhiteElo "2642"]
[BlackElo "2318"]
[WhiteFideId "13302507"]
[BlackFideId "14106752"]
[EventDate "2020.07.14"]
[EventType "blitz"]

1. e4 g6 2. d4 Bg7 3. Nc3 d6 4. Nf3 Nf6 5. Be3 Bg4 6. Be2 Nc6 7. d5 Bxf3 8. gxf3
Nb8 9. Qd2 c6 10. O-O-O Nbd7 11. Kb1 Qa5 12. h4 cxd5 13. Nxd5 Qxd2 14. Nxf6+
Bxf6 15. Rxd2 O-O 16. h5 Rfc8 17. f4 Nc5 18. f3 Na4 19. c3 Nb6 20. Bb5 Nc4 21.
Bxc4 Rxc4 22. hxg6 hxg6 23. f5 Kf8 24. Rg2 Ke8 25. fxg6 fxg6 26. Rxg6 Kd7 27.
Rh7 Be5 28. Bg5 Re8 29. Kc2 b5 30. f4 Rxe4 31. fxe5 Rxe5 32. Bf4 Rd5 33. Rgg7 a5
34. a3 a4 35. Rg5 Rxg5 36. Bxg5 d5 37. Kd3 Kd6 38. Rh6+ e6 39. Bf4+ Kc5 40. Be5
Re7 41. Rh8 Rf7 42. Rc8+ Kb6 43. Bd4+ Kb7 44. Rc5 Ka6 45. Rc6+ Ka5 46. Bb6+ Ka6
47. Bc5+ Kb7 48. Rxe6 1-0

[Event "33rd Leon Blitz Open 2020"]
[Site "chess.com INT"]
[Date "2020.07.14"]
[Round "2"]
[White "Aleksandrov, Aleksej"]
[Black "Djukic, Nikola"]
[Result "0-1"]
[WhiteTitle "GM"]
[BlackTitle "GM"]
[WhiteElo "2608"]
[BlackElo "2525"]
[WhiteFideId "13500139"]
[BlackFideId "922412"]
[EventDate "2020.07.14"]
[EventType "blitz"]

1. d4 Nf6 2. c4 g6 3. Nc3 Bg7 4. e4 d6 5. h3 O-O 6. Be3 e5 7. d5 a5 8. g4 Na6 9.
Nge2 c6 10. Ng3 Nc5 11. g5 Nfd7 12. dxc6 bxc6 13. Qxd6 Qb6 14. Qd2 a4 15. Be2
Qa5 16. O-O Rd8 17. Rfd1 Bb7 18. Rab1 Nf8 19. Qe1 Nfe6 20. Rxd8+ Qxd8 21. h4 Nd4
22. Kg2 Nce6 23. Bg4 Nf4+ 24. Kh2 Bc8 25. Qd1 h5 26. Bxc8 Qxc8 27. Bxf4 exf4 28.
Nf1 f3 29. Ng3 Qg4 30. Qf1 Qxh4+ 31. Qh3 Qxg5 32. Rd1 Be5 33. Kh1 h4 34. Nf1 Ne2
35. Ne3 Qf4 36. Ng4 Bxc3 37. bxc3 Nxc3 38. Rd7 Nxe4 39. Qxh4 Qxg4 0-1

[Event "33rd Leon Blitz Open 2020"]
[Site "chess.com INT"]
[Date "2020.07.14"]
[Round "2"]
[White "Jones, Gawain C B"]
[Black "Safin, Robert"]
[Result "1-0"]
[WhiteTitle "GM"]
[BlackTitle "FM"]
[WhiteElo "2670"]
[BlackElo "2287"]
[WhiteFideId "409561"]
[BlackFideId "34189120"]
[EventDate "2020.07.14"]
[EventType "blitz"]

1. e4 c5 2. Nc3 Nc6 3. Bb5 Nd4 4. Nf3 e6 5. O-O Ne7 6. Nxd4 cxd4 7. Ne2 a6 8.
Ba4 Nc6 9. c3 b5 10. Bc2 Bc5 11. b4 Bb6 12. Bb2 dxc3 13. Bxc3 O-O 14. a4 Bb7 15.
d4 d5 16. e5 Qe7 17. axb5 axb5 18. Qd3 g6 19. Qxb5 Ba7 20. Rfb1 Rfb8 21. Qd3 Bb6
22. Rxa8 Rxa8 23. b5 Na5 24. Bb4 Qc7 25. Bd6 Qc4 26. Qd2 Rc8 27. Bd3 Qa4 28. Be7
Bd8 29. Bf6 Bxf6 30. exf6 Qa3 31. h4 Nc4 32. Qh6 Qf8 33. Qg5 h6 34. Qf4 h5 35.
g4 hxg4 36. h5 Qd6 37. Qh6 Qf8 38. Qg5 e5 39. hxg6 e4 40. g7 Qd8 41. Qh4 exd3
42. Qh8# 1-0